000 00777nam a2200241 4500
003 OSt
005 20260530115316.0
008 260506b2001 enk||||| |||| 00| 0 eng d
020 _a0500510733
040 _aICI
_bspa
_cICI
_erda
041 _aeng
050 4 _aNK8806
_bJ87 2000
100 _aJuracek, Judy A.,
_eautor
_933701
245 1 0 _aNatural Sufraces :
_bvisual research for artists, architects, and designers /
_cJuracek, Judy A
264 1 _aLondon :
_bThames and Hudson,
_c2000
300 _a335 páginas :
_bilustraciones
336 _2rdacontent
_atexto
337 _2rdamedia
_asin medio
338 _2rdacarrier
_avolumen
650 4 _aTelas
_vObras ilustradas
_xCatálogos
_933702
650 4 _aTelas en decoración de interiores
_94721
942 _2lcc
_n1
_cBK
999 _c13594
_d13594